Countries between Tropics on Map - Statistics

General Stats
  • This quiz has been taken 205 times
    203 since last reset
  • The average score is 96 of 120
Answers on the Map
Answers color-coded by a green-red scale on the quiz's map according to % correct below.
 
Answer Stats
Country % Correct
Brazil
93%
Mexico
92%
Cuba
90%
Guatemala
89%
India
89%
Venezuela
89%
Belize
88%
Bolivia
88%
Costa Rica
88%
Dominican Republic
88%
Haiti
88%
Honduras
88%
Nicaragua
88%
Peru
88%
Colombia
87%
Democratic Republic of the Congo
87%
Guyana
87%
Panama
87%
Suriname
87%
Dominica
86%
Argentina
85%
Chile
85%
Ecuador
85%
El Salvador
85%
Niger
85%
Republic of the Congo
85%
Sudan
85%
Ethiopia
84%
Oman
84%
Chad
83%
Indonesia
83%
Kenya
83%
Mali
83%
Nigeria
83%
Paraguay
83%
Angola
82%
Barbados
82%
Guinea
82%
Jamaica
82%
Philippines
82%
Saint Kitts and Nevis
82%
Somalia
82%
Thailand
82%
Yemen
82%
Australia
81%
Bahamas
81%
Benin
81%
Cambodia
81%
Comoros
81%
Mauritius
81%
Mozambique
81%
Rwanda
81%
Saint Lucia
81%
South sudan
81%
Tanzania
81%
Zambia
81%
Antigua and Barbuda
80%
Burkina Faso
80%
Burundi
80%
Cameroon
80%
Eritrea
80%
Gabon
80%
Ghana
80%
Laos
80%
Malawi
80%
Malaysia
80%
Maldives
80%
Mauritania
80%
Saint Vincent and the Grenadines
80%
Seychelles
80%
Togo
80%
Uganda
80%
Vietnam
80%
Equatorial Guinea
79%
Liberia
79%
Srilanka
79%
Central African Republic
78%
Guinea-Bissau
78%
Namibia
78%
Trinidad and Tobago
78%
Zimbabwe
78%
China
77%
Djibouti
77%
Ivory Coast
77%
Kiribati
77%
Madagascar
77%
Myanmar
77%
Papua New Guinea
77%
Sao Tome and Principe
77%
Saudi Arabia
77%
Senegal
77%
Cape Verde
76%
Sierra Leone
76%
Algeria
74%
Egypt
74%
Federated States Of Micronesia
74%
Fiji
74%
Grenada
74%
Libya
74%
Morocco
74%
Samoa
74%
South Africa
74%
United Arab Emirates
74%
Botswana
73%
Tonga
73%
Gambia
72%
Marshall Islands
72%
Nauru
72%
Palau
72%
Solomon islands
72%
Vanuatu
72%
Bangladesh
71%
Taiwan
71%
Tuvalu
70%
Singapore
68%
Brunei
66%
East Timor
66%
No matching quizzes found
Score Distribution
Percent of People with Each Score
Percentile by Number Answered
Your Score History
You have not taken this quiz since the last reset